000
00260nam a2200121Ia 4500
008
190216s9999||||xx |||||||||||||| ||und||
100
_a
Null
245
0
_a
Islamic Savants And Wahhabis
260
_b
Hutchinson
300
_a
191p
650
_a
Arabic
942
_c
BK
999
_c
138
_d
138